| 000 | 00549nam a22002057a 4500 | ||
|---|---|---|---|
| 003 | DO-SdBNP | ||
| 005 | 20211118134625.0 | ||
| 007 | ta | ||
| 008 | 211118b ||||| |||| 00| 0 eng d | ||
| 040 |
_aDO-SdBNP _bspa _cBNPHU |
||
| 082 | 4 |
_222 _a264.7 _bN964 |
|
| 100 |
_a2001 _980466 |
||
| 245 | 1 | 0 |
_aNuestra SeƱora de las Mercedes : _cnovena en su honor / |
| 260 |
_aSanto Domingo : _bMSC, _c2014. |
||
| 300 |
_a32 p. : _bil. ; _c15 cm. |
||
| 590 | _aInventariado, 2021 / SA | ||
| 650 | 4 |
_aNovenas _980664 |
|
| 910 | _aSaquino | ||
| 942 |
_2ddc _cLF2 |
||
| 999 |
_c50997 _d50997 |
||